000 00336nam a2200133 i 4500
001 bg
100 1 _aOSMAŃCZYK, Edmund
245 0 _aEncyklopedia ONZ i stosunków międzynarodowych /
_cEdmund Osmańczyk.
260 _aWarszawa,
_c1982.
040 _cBPK
041 _apol
942 _cKS
008 s pl f |000 0 pol
999 _c20459
_d20459
856 _uhttp://koha.tu.koszalin.pl/cgi-bin/koha/opac-detail.pl?biblionumber=20459
_yKatalog online BPK